| 000 | 00734nam a2200229 a 4500 | ||
|---|---|---|---|
| 001 | 56064 | ||
| 003 | BD-RjUL | ||
| 005 | 20211209080341.0 | ||
| 008 | 161126s1968 bg ||||| |||| 00| 0 ben d | ||
| 020 | _c: TK 22.00 | ||
| 035 | _a(BD-RjUL)56188 | ||
| 040 |
_aBD-RjUL _bben _cBD-RjUL |
||
| 041 | _aben | ||
| 082 |
_223 _a891.441 _bAHP 1968 |
||
| 100 |
_aআহসান, আলী _9135140 |
||
| 245 | 1 | 0 |
_aপদ্মাবতী / _cআলী আহসান |
| 260 |
_aঢাকা : _bস্টুডেন্ট ওয়েজ, _c১৯৬৮ |
||
| 300 |
_a৭৫৫ পৃ. ; _c১৭ সেমি . |
||
| 650 |
_aবাংলা কবিতা _9166906 |
||
| 650 |
_aBengali Poetry _9166907 |
||
| 942 |
_2ddc _cBK |
||
| 999 |
_c56064 _d56064 |
||